000 00872nam a2200313Ia 4500
003 OSt
005 20220912150657.0
006 a|||||r|||| 00| 0
007 ta
008 220909b |||||||| |||| 00| 0 eng d
020 _a0521658381 (pbk)
024 _a1692
037 _b29301, 07/06/2004, Worldwide Book Traders
037 _cTextual
040 _aCSL
_beng
_cCSL
041 _aeng
082 _aC4, N9
100 _aBaierlein Ralph
245 0 _aThermal physics
260 _aCambridge
_bCambridge University Press
_c1999
300 _axiii, 442p
500 _aAppendix A-D 420-437p; Index 438-442p
650 _a Heat
650 _a Statistical mechanics
650 _a Thermodynamics
650 _aEntropy
942 _hC4, N9
_cTEXL
_2CC
999 _c52356
_d52356